Taylor Swift trivia! - Statistics

General Stats
  • This quiz has been taken 39 times
  • The average score is 12 of 15
Answer Stats
Question Answer % Correct
Whatsvher lucky number? 13
91%
What is her middle name? Alison
91%
Which three songs is about the "teenage love triangle" cardigan, august, betty
91%
whats her parents name Andrea and Scott
88%
When was Taylor born? december 13th 1989
88%
On what track does she put the saddest songs on the album? track 5
88%
On what kind of farm did Taylor Swift grow up? christmas tree farm
85%
Who is Taylor named after? James Taylor
85%
where was she born? Reading Pennsylvania
85%
what is her first single called? Tim mcgraw
79%
What was the name of Taylor Swift’s first fragrance? wonderstruck
79%
Which album did Taylor Swift write by herself, without any co-writers? speak now
76%
What was the song name of the track she wrote for Rihanna? This is what you came for
73%
What song did Taylor Swift swap out early in The Eras Tour for “the 1” instead? invisible string
67%
What was the first ever suprise song on the eras tour? Mirrorball
61%
No matching quizzes found
Score Distribution
Percent of People with Each Score
Percentile by Number Answered
Your Score History
You have not taken this quiz